PR-SOF-1855-Emotion Charting Using Real-Time Monitoring of Physiological Signals (Record no. 577597)
[ view plain ]
| 000 -LEADER | |
|---|---|
| fixed length control field | 00448nam a22001217a 4500 |
| 082 ## - DEWEY DECIMAL CLASSIFICATION NUMBER | |
| Classification number | 220 PRO |
| 100 ## - MAIN ENTRY--PERSONAL NAME | |
| Personal name | PC AQSA RAHIM NC AMNA SAGHEER NC KHUNSHA NADEEM NC ZAID BIN SHABBIR |
| 9 (RLIN) | 70687 |
| 245 ## - TITLE STATEMENT | |
| Title | PR-SOF-1855-Emotion Charting Using Real-Time Monitoring of Physiological Signals |
| 260 ## - PUBLICATION, DISTRIBUTION, ETC. | |
| Place of publication, distribution, etc. | ISLAMABAD |
| Name of publisher, distributor, etc. | NUST COLLEGE OF EME |
| Date of publication, distribution, etc. | 2019 |
| 650 ## - SUBJECT ADDED ENTRY--TOPICAL TERM | |
| Topical term or geographic name entry element | DE-COMP-37 |
| 9 (RLIN) | 70688 |
| 700 ## - ADDED ENTRY--PERSONAL NAME | |
| Personal name | SUPERVISOR DR. USMAN AKRAM DR. SAJID GUL KHAWAJA |
| 9 (RLIN) | 70689 |
| 942 ## - ADDED ENTRY ELEMENTS (KOHA) | |
| Koha item type | Continuing Resources |
| Withdrawn status | Lost status | Damaged status | Not for loan | Permanent Location | Current Location | Shelving location | Date acquired | Total Checkouts | Full call number | Barcode | Date last seen | Price effective from | Koha item type |
|---|---|---|---|---|---|---|---|---|---|---|---|---|---|
| College of Electrical & Mechanical Engineering (CEME) | College of Electrical & Mechanical Engineering (CEME) | Reference | 11/28/2019 | 220 PRO | PR-SOF-1855 | 06/28/2021 | 06/28/2021 | Continuing Resources |
